| 000 | 01388nam a22002777a 4500 | ||
|---|---|---|---|
| 005 | 2009072200520.0 | ||
| 008 | 090615t xxu||||| |||| 00| 0 hin d | ||
| 010 | _aHIN-87411 | ||
| 020 |
_a9788178794105 _c300.00 |
||
| 035 | _aHN-59757 | ||
| 037 | _bDBAD / PUB | ||
| 040 |
_adpl _bhn |
||
| 082 | _a613.7 | ||
| 100 | _aशियोकन्द, डेज़ी | ||
| 245 |
_aआरोग्य स्वास्थ्य शिक्षा / _cडेज़ी शियोकन्द |
||
| 246 |
_bby Dezi Shiokand _aAarogya swaasthya shikshaa |
||
| 260 |
_aनई दिल्ली _bस्पोर्टस पब्लिकेशन्स _c2007 |
||
| 270 |
_aजी-6, 23/23-बी, ईएमसीए हाउस, अंसारी रोड, दरिया गंज _bनई दिल्ली _e110002 |
||
| 300 |
_a357पृ. _c22सेमी (अजिल्द) |
||
| 650 | _aशारीरिक शिक्षा और प्रशिक्षण | ||
| 650 | _aPhysical education and training | ||
| 650 | _aस्वास्थ्य शिक्षा | ||
| 650 | _aHealth education | ||
| 942 |
_2ddc _cHN _mशियोक _h613.7 |
||
| 999 |
_c27474 _d27474 |
||